000 01377nam a2200361 i 4500
001 197826
003 ES-MaACL
005 20251022142618.0
007 ta
008 250919s2025 sp a|||| |||| 000 0 spa d
017 _aM 11592-2025
_bOficina Depósito Legal Madrid
020 _a978-84-9041-535-1
024 7 _aNIPO 193-25-068-4
040 _bspa
_cES-MaACL
080 _a821.134.2 Olmo, Lauro 1.07
080 _a821.134.2 Enciso, Pilar
245 0 0 _aTeatro de resistencia :
_bLauro Olmo, Pilar Enciso
264 1 _a[Madrid] :
_bCDAEM,
_cD.L. 2025
300 _a309 páginas :
_bilustraciones ;
_c22 cm
336 _2rdacontent
_aTexto
337 _2rdamedia
_asin mediación
338 _2rdacarrier
_avolumen
500 _aEjemplar dedicado y firmado por sus autores
504 _aBibliografía: páginas 301-308
600 1 7 _9140977
_aOlmo, Lauro,
_d1922-1994-
_xCrítica e interpretación
600 1 4 _947189
_aEnciso, Pilar,
_d1926-2008
710 2 _9242275
_aCentro de Documentación de las Artes Escénicas y de la Música (España)
_eisb
852 _aES-MaACL
_cDEPO1
_jA-15799
_xEncuadernación rústica con solapas
_zDedicatoria autógrafa de los autores
_9206804
_hDonación: equipo del CDAEM
942 _cMONOGRAFIA
_n0
999 _c197826
_d197826